000
00345cam a2200145ua 4500
041
_a
eng
_h
082
_a
828.08355
_b
PRI/JO
100
_a
Priestley, J B .
245
_a
Journey down a rainbow /
_c
J B Priestley.
_h
Textual Documents
300
_a
288 ; .
504
_a
700
1
_a
Hawkes, Jacquetta .
942
_c
BK
999
_c
4729
_d
4729